00481nam a2200145Ia 4500008004100000041000800041082001600049100001700065245004400082260002700126300003100153365001200184999001500196952012400211240624s9999 xx 000 0 und d aeng a576.839 CLA aCLARK STUART aLIFE ON OTHER WORLDS AND HOW TO FIND IT c2000aLondonbSpringer axvi, : 179 : p. : cm. ; 24 cERUb35 c5796d5796 00104070aIMTNbIMTNcRack 19-Ad2007-08-29eRBCg26.95o576.839 CLAp5796r2024-06-24 00:00:00t58.1w2024-06-24yBK